000 00535nam a2200217Ia 4500
003 0100
008 130303s9999 xx 000 0 und d
040 _cARRUPELIB
050 _aB3998.P77 1967
100 _aPrÚposiet, Jean
245 _aSpinoza et la libertÚ des hommes
260 _aParis
260 _bGallimard
260 _C1967
300 _a315p.
300 _b 19cm.
440 _aEssais No. 130
650 _bLord's supper--History of doctrines
650 _cLord's supper--Catholic church
942 _2lcc
_01
999 _c62455
_d62455